Vzdelanostná úroveň obyvateľov štátov OECD
Medzinárodné porovnania štátov OECD o najvyššie dosiahnutom vzdelaní populácie 25 až 64 ročných obyvateľov s terciárnym vzdelaním v jednotlivých vekových kategóriách podľa pohlavia.
Gespeichert in:
| 1. Verfasser: | |
|---|---|
| Format: | Buchkapitel |
| Sprache: | Slowakisch |
| Schlagworte: | |
| Tags: |
Keine Tags, Fügen Sie das erste Tag hinzu!
|
MARC
| LEADER | 00000naa a2200000 4500 | ||
|---|---|---|---|
| 001 | 0235227 | ||
| 005 | 20220715112425.6 | ||
| 041 | 0 | |a slo | |
| 044 | |a SK | ||
| 245 | 1 | 0 | |a Vzdelanostná úroveň obyvateľov štátov OECD |c Mária Fuseková |
| 520 | |a Medzinárodné porovnania štátov OECD o najvyššie dosiahnutom vzdelaní populácie 25 až 64 ročných obyvateľov s terciárnym vzdelaním v jednotlivých vekových kategóriách podľa pohlavia. | ||
| 610 | 2 | 0 | |a OECD |
| 610 | 2 | 0 | |a úroveň vzdelanostná |
| 610 | 2 | 0 | |a vzdelanie vysokoškolské |
| 610 | 2 | 0 | |a vzdelávanie terciárne |
| 610 | 2 | 0 | |a vek produktívny |
| 610 | 2 | 0 | |a porovnanie medzinárodné |
| 100 | 1 | |a Fuseková, Mária | |